La cruz del matrimonio (Record no. 170916)

MARC details
000 -LEADER
campo de control de longitud fija 00804nam a2200169 i 4500
001 - NÚMERO DE CONTROL
campo de control 170916
003 - IDENTIFICADOR DE NÚMERO DE CONTROL
campo de control ES-MaACL
005 - FECHA Y HORA DE LA ÚLTIMA TRANSACCIÓN
campo de control 20230906214510.0
008 - DATOS DE LONGITUD FIJA--INFORMACIÓN GENERAL
campo de control de longitud fija 090416s1861 sp |||| | spa d
080 ## - NÚMERO DE LA CLASIFICACIÓN DECIMAL UNIVERSAL
Número de la Clasificación Decimal Universal 821.134.2-2"18"
100 1# - ENTRADA PRINCIPAL--NOMBRE DE PERSONA
Nombre de persona Eguilaz, Luis de.
9 (RLIN) 46758
245 13 - MENCIÓN DEL TÍTULO
Título La cruz del matrimonio
Resto del título : comedia original en tres actos y en verso /
Mención de responsabilidad, etc. de Luis de Eguilaz.
260 ## - PUBLICACIÓN, DISTRIBUCIÓN, ETC.
Lugar de publicación, distribución, etc. Madrid :
Nombre del editor, distribuidor, etc. [s.n.],
Fecha de publicación, distribución, etc. 1861 (
Fabricante Imp. de José Rodríguez)
300 ## - DESCRIPCIÓN FÍSICA
Extensión 83 p. ;
Dimensiones 17 cm.
500 ## - NOTA GENERAL
Nota general En port.: Representada por primera vez en el teatro Variedades la noche del 28 de noviembre de 1861.
852 ## - LOCALIZACIÓN
Ubicación ES-MaACL
Número de control de estantería F-8570(3)
Nota libre .- Enc. pasta española
condición física .- Falto de la cub. original
Nota libre .- Enc. en un vol. facticio, formando parte de la col. "Teatro español moderno", vol. 23
-- .- Firma ms. de Gustavo Saenz Diez
Holdings
Estatus retirado Estado de pérdida Estado de daño No para préstamo Colección Biblioteca de origen Biblioteca actual Ubicación en estantería Fecha de adquisición Fuente de adquisición Total de préstamos Signatura topográfica completa Código de barras Visto por última vez Precio de reemplazo Tipo de ítem Koha
        Libros del s. XIX Biblioteca del Ateneo de Madrid Biblioteca del Ateneo de Madrid Sala Pecera Planta 2 16/04/2009     F-8570(3) 1179375 23/02/2023 23/02/2023 Libro impreso antiguo